| 000 | 00000nam##2200000za#4500 |
| 001 | 9.696310 |
| 003 | CaOODSP |
| 005 | 20210624234956 |
| 007 | cr ||||||||||| |
| 008 | 150407|1998||||xxc|||||o f|0| 0 eng|d |
| 040 | |aCaOODSP|beng |
| 043 | |an-cn--- |
| 086 | 1 |aD82-46/1999E-PDF |
| 110 | 1 |aCanada.|bEmergency Preparedness Canada. |
| 245 | 10|aAlternatives to sandbags for temporary flood protection / |h[electronic resource]|c[by] Kevin Biggar and Srboljub Masala. |
| 260 | |aOttawa - Ontario : |bEmergency Preparedness Canada |cOctober 1998. |
| 300 | |a78p.|bfigs. (some coloured), references, tables, photographs |
| 500 | |aThis publication was listed in Weekly Checklist 00-30, under the catalogue number D82-46/1999-IN. |
| 520 | 3 |a"This study deals with new, innovative methods that can replace sandbags as temporary flood protection measures. It is essentially a review of available published literature and commercial brochures" --Summary, p.2 of 78. |
| 690 | 07|aEmergency preparedness|2gcpds |
| 690 | 07|aFloods|2gcpds |
| 690 | 07|aSafety measures|2gcpds |
| 710 | 2 |aAlberta Transportation and Utilities. |
| 720 | 1 |aBiggar, Kevin |
| 720 | 1 |aMasala, Srboljub |
| 775 | 08|tSolutions de rechange aux sacs de sable pour une protection temporaire contre les inondations / |w(CaOODSP)9.640428 |
| 776 | 0#|tAlternatives to sandbags for temporary flood protection / |w(CaOODSP)9.647351 |
| 856 | 40|ahttp://publications.gc.ca|qPDF|s1.77 MB|uhttps://publications.gc.ca/collections/Collection/D82-46-1999E.pdf |